[Event "St Petersburg Amir Cup Blitz"]
[Site "St Petersburg"]
[Date "2021.05.23"]
[Round "1"]
[White "Gavrilov, Oleg"]
[Black "Golovchenko, Bogdan"]
[Result "1-0"]
[WhiteElo "2356"]
[BlackElo "1733"]
[PlyCount "119"]
[EventDate "2021.05.23"]
[EventType "swiss (blitz)"]
[EventRounds "11"]
[EventCountry "RUS"]
[SourceTitle "CBM 202 Extra"]
[Source "ChessBase"]
[SourceDate "2021.07.31"]
[SourceVersion "1"]
[SourceVersionDate "2021.07.31"]
[SourceQuality "1"]

1. c4 e5 2. Nc3 d6 3. g3 f5 4. Bg2 Nf6 5. e3 g6 6. Nge2 Bg7 7. 0-0 0-0 8. d3 c6 9. b4 Be6 10. b5 d5 11. bxc6 bxc6 12. cxd5 cxd5 13. Ba3 Re8 14. Qa4 Qd7 15. Rfc1 Rc8 16. Qxd7 Nbxd7 17. Nb5 Ne8 18. Rxc8 Rxc8 19. Nxa7 Ra8 20. Nb5 e4 21. d4 Nb6 22. Bc5 Nc4 23. a4 Bd7 24. Nec3 Bc6 25. Bf1 Bf8 26. Be2 Bxc5 27. dxc5 Kf7 28. Nd4 Bd7 29. Nxd5 Ne5 30. Nb6 Ra5 31. Nb3 Ra7 32. a5 Nc7 33. a6 Bb5 34. Bxb5 Nxb5 35. Nd4 Nxd4 36. exd4 Nf3+ 37. Kf1 Nxd4 38. Nc8 Ra8 39. a7 Nc6 40. Nd6+ Ke6 41. Nb5 Kd7 42. Ra6 g5 43. Ke2 f4 44. h4 h6 45. h5 Ne5 46. gxf4 gxf4 47. Rxh6 Nc4 48. c6+ Ke7 49. c7 f3+ 50. Ke1 Rg8 51. Kd1 e3 52. Rh7+ Ke6 53. Nd4+ Kd5 54. Nxf3 exf2 55. Ke2 Rf8 56. Kxf2 Ne5 57. a8Q+ Rxa8 58. Nxe5 Kxe5 59. Rd7 Ke6 60. Rd8 1-0

[Event "St Petersburg Korchnoi Memorial op"]
[Site "St Petersburg"]
[Date "2019.08.22"]
[Round "9"]
[White "Tushar, Anand"]
[Black "Golovchenko, Bogdan"]
[Result "1/2-1/2"]
[WhiteElo "1945"]
[BlackElo "1723"]
[PlyCount "55"]
[EventDate "2019.08.14"]
[EventType "swiss"]
[EventRounds "9"]
[EventCountry "RUS"]
[SourceTitle "CBM 192"]
[Source "ChessBase"]
[SourceDate "2019.10.31"]
[SourceVersion "1"]
[SourceVersionDate "2019.10.31"]
[SourceQuality "1"]

1. e4 c5 2. Nf3 Nc6 3. Bb5 g6 4. Bxc6 bxc6 5. d3 Bg7 6. 0-0 d6 7. h3 Nh6 8. Nc3 0-0 9. Be3 f6 10. Qd2 Nf7 11. Nh2 e5 12. f4 f5 13. fxe5 Nxe5 14. Nf3 Rb8 15. Nxe5 Bxe5 16. Bh6 Rf7 17. Rab1 d5 18. exf5 Bxf5 19. Bf4 Qc7 20. Na4 Bxf4 21. Rxf4 Qd6 22. Rbf1 Rb4 23. b3 Rxf4 24. Qxf4 Qe7 25. g4 Be6 26. Qb8+ Kg7 27. Qe5+ Kg8 28. Qb8+ 1/2-1/2

[Event "St Petersburg Korchnoi Memorial op"]
[Site "St Petersburg"]
[Date "2019.08.15"]
[Round "2"]
[White "Golovchenko, Bogdan"]
[Black "Grigoriev, Oleg"]
[Result "1/2-1/2"]
[WhiteElo "1723"]
[BlackElo "2001"]
[PlyCount "80"]
[EventDate "2019.08.14"]
[EventType "swiss"]
[EventRounds "9"]
[EventCountry "RUS"]
[SourceTitle "CBM 192"]
[Source "ChessBase"]
[SourceDate "2019.10.31"]
[SourceVersion "1"]
[SourceVersionDate "2019.10.31"]
[SourceQuality "1"]

1. d4 Nf6 2. Bf4 d5 3. e3 c5 4. c3 Nc6 5. Nd2 Qb6 6. Qb3 c4 7. Qc2 Bg4 8. e4 e6 9. Be2 Bh5 10. Bxh5 Nxh5 11. Bg3 Qd8 12. Ne2 g6 13. Nf3 Bg7 14. 0-0 0-0 15. b3 Nxg3 16. hxg3 cxb3 17. axb3 b5 18. Qd3 Qb6 19. Nf4 Rfd8 20. Nd2 b4 21. Ra6 Qb7 22. Ra4 bxc3 23. Qxc3 Rac8 24. Qa1 Qb6 25. Ne2 Re8 26. exd5 exd5 27. Re1 Rxe2 28. Rxe2 Nxd4 29. Qd1 Nxe2+ 30. Qxe2 d4 31. Ra6 Qc5 32. Nc4 Qb5 33. Qa2 Re8 34. Ra5 Qb4 35. Rxa7 Rb8 36. Ra8 Bh6 37. Qa7 Rxa8 38. Qxa8+ Kg7 39. Qe4 Qxb3 40. Qxd4+ Kg8 1/2-1/2

[Event "EU-ch U10"]
[Site "Bratislava"]
[Date "2019.08.08"]
[Round "7"]
[White "Royal, Shreyas"]
[Black "Golovchenko, Bogdan"]
[Result "1/2-1/2"]
[WhiteElo "2010"]
[BlackElo "1723"]
[PlyCount "122"]
[EventDate "2019.08.02"]
[EventType "swiss"]
[EventRounds "9"]
[EventCountry "SVK"]
[SourceTitle "EXT 2020"]
[Source "ChessBase"]
[SourceDate "2019.10.17"]
[SourceVersion "1"]
[SourceVersionDate "2019.10.17"]
[SourceQuality "1"]

1. d4 Nf6 2. c4 c5 3. d5 b5 4. cxb5 a6 5. bxa6 Bxa6 6. Nc3 d6 7. Nf3 g6 8. g3 Bg7 9. Bg2 Nbd7 10. Rb1 0-0 11. 0-0 Qa5 12. Bd2 Ng4 13. Qc2 Nge5 14. Nxe5 Nxe5 15. b3 Rfb8 16. Rfe1 Qc7 17. h3 Bc8 18. f4 Nd7 19. e4 c4 20. Na4 Nb6 21. Nxb6 Qxb6+ 22. Be3 Bd4 23. Bxd4 Qxd4+ 24. Kh2 Ba6 25. Red1 Qc5 26. e5 Ra7 27. e6 f6 28. h4 Kg7 29. f5 Rc7 30. bxc4 Rxb1 31. Qxb1 Qxc4 32. Qb3 gxf5 33. Qb8 Rc8 34. Qa7 Kf8 35. Qf2 Qg4 36. Rd4 Qe2 37. Qxe2 Bxe2 38. Rd2 Bb5 39. Bh3 Ra8 40. Bxf5 h6 41. Rc2 Ra4 42. Rb2 Bc4 43. Rb8+ Kg7 44. Rb7 Rxa2+ 45. Kh3 Kf8 46. Rb8+ Kg7 47. Re8 Ra7 48. Be4 Bb5 49. Rb8 Bf1+ 50. Kg4 Ra4 51. Kf3 Ra3+ 52. Kf2 Bh3 53. Re8 Ra7 54. Bf3 Bf5 55. h5 Bc2 56. Ke3 Ba4 57. Rb8 Rc7 58. Be4 Bd1 59. Bg6 Bg4 60. Bf7 Kh7 61. Rg8 Bxh5 1/2-1/2

[Event "EU-ch U10"]
[Site "Bratislava"]
[Date "2019.08.07"]
[Round "6"]
[White "Giang, Tran Nam"]
[Black "Golovchenko, Bogdan"]
[Result "0-1"]
[WhiteElo "1915"]
[BlackElo "1723"]
[PlyCount "110"]
[EventDate "2019.08.02"]
[EventType "swiss"]
[EventRounds "9"]
[EventCountry "SVK"]
[SourceTitle "EXT 2020"]
[Source "ChessBase"]
[SourceDate "2019.10.17"]
[SourceVersion "1"]
[SourceVersionDate "2019.10.17"]
[SourceQuality "1"]

1. e4 c5 2. Nf3 d6 3. d4 cxd4 4. Nxd4 Nf6 5. Nc3 a6 6. Be2 g6 7. Be3 Bg7 8. 0-0 0-0 9. f4 Nc6 10. Kh1 Bd7 11. Qd2 b5 12. Bf3 Rc8 13. Nxc6 Bxc6 14. g4 b4 15. Nd5 Nxd5 16. exd5 Bb5 17. Rf2 Bxb2 18. Rg1 Bc3 19. Qd1 Qa5 20. Be4 Qxa2 21. Qf3 a5 22. f5 Qa3 23. Bc1 Bb2 24. Bxb2 Qxb2 25. c4 Qe5 26. cxb5 Rc3 27. Qf4 Qxf4 28. Rxf4 g5 29. Rf3 Rc5 30. Bd3 Rxd5 31. Ra1 b3 32. Bc4 b2 33. Rb1 Rc5 34. Bd3 Rc1+ 35. Kg2 Rxb1 36. Bxb1 a4 37. Ra3 Rb8 38. Rxa4 Rxb5 39. Re4 Kf8 40. Kf2 d5 41. Rd4 e5 42. fxe6 fxe6 43. Ke2 e5 44. Rd2 e4 45. Ke3 Ke7 46. Kd4 Kd6 47. Kc3 Ke5 48. Rxb2 Rxb2 49. Kxb2 d4 50. Kc2 Kf4 51. Kd1 d3 52. Kd2 Kf3 53. h3 Kf2 54. Kd1 h6 55. Kc1 Ke1 0-1

[Event "EU-ch U10"]
[Site "Bratislava"]
[Date "2019.08.05"]
[Round "4"]
[White "Klaska, Philipp Leon"]
[Black "Golovchenko, Bogdan"]
[Result "0-1"]
[WhiteElo "1441"]
[BlackElo "1723"]
[PlyCount "112"]
[EventDate "2019.08.02"]
[EventType "swiss"]
[EventRounds "9"]
[EventCountry "SVK"]
[SourceTitle "EXT 2020"]
[Source "ChessBase"]
[SourceDate "2019.10.17"]
[SourceVersion "1"]
[SourceVersionDate "2019.10.17"]
[SourceQuality "1"]

1. e4 c5 2. Nf3 Nc6 3. d4 cxd4 4. Nxd4 Nf6 5. Nc3 d6 6. f3 e5 7. Nb3 Be7 8. Be3 0-0 9. Qd2 a5 10. Bb5 Be6 11. Rd1 Na7 12. Be2 Nc8 13. Qc1 a4 14. Nc5 Qc7 15. N5xa4 Bd7 16. Bb5 Bxb5 17. Nxb5 Qc6 18. Nac3 Ra5 19. a4 Nb6 20. b3 Rd8 21. Qd2 Raa8 22. Qf2 Nbd7 23. 0-0 Nf8 24. Nd5 Nxd5 25. Rxd5 Ne6 26. Rfd1 g6 27. Qd2 Rd7 28. c4 Nc7 29. Nxc7 Rxc7 30. Qb4 Rd7 31. Qb5 Rdd8 32. Bc1 Ra6 33. Ba3 Rb6 34. Qxc6 bxc6 35. R5d3 Rdb8 36. Rb1 c5 37. Kf2 Kf8 38. Ke2 Bd8 39. Kd2 Ke7 40. Kc3 Ra6 41. g3 Rxa4 42. Bc1 Ra2 43. Rb2 Ra6 44. Re3 Ke6 45. Ree2 Rba8 46. h4 h5 47. Rh2 Ba5+ 48. Kd3 f5 49. Rh1 Bb4 50. Be3 Ra2 51. Kc2 R2a7 52. Bd2 Bxd2 53. Kxd2 fxe4 54. fxe4 Rf8 55. Rg1 Raf7 56. g4 Rf2+ 0-1

[Event "EU-ch U10"]
[Site "Bratislava"]
[Date "2019.08.04"]
[Round "3"]
[White "Golovchenko, Bogdan"]
[Black "Materia, Marco"]
[Result "0-1"]
[WhiteElo "1723"]
[BlackElo "2236"]
[PlyCount "84"]
[EventDate "2019.08.02"]
[EventType "swiss"]
[EventRounds "9"]
[EventCountry "SVK"]
[SourceTitle "EXT 2020"]
[Source "ChessBase"]
[SourceDate "2019.10.17"]
[SourceVersion "1"]
[SourceVersionDate "2019.10.17"]
[SourceQuality "1"]

1. d4 d5 2. Bf4 Nf6 3. e3 e6 4. Nf3 Bd6 5. Bg3 0-0 6. Nbd2 c5 7. c3 Qc7 8. Ne5 Nfd7 9. Nxd7 Nxd7 10. Bd3 Re8 11. Bxd6 Qxd6 12. f4 b6 13. Nf3 Nf8 14. g4 c4 15. Bc2 Bd7 16. g5 b5 17. Ne5 Reb8 18. Qh5 Be8 19. Qf3 a5 20. h4 b4 21. 0-0 Ra7 22. Kh1 bxc3 23. bxc3 Rb2 24. Rf2 Rb8 25. h5 a4 26. e4 Bc6 27. Nxc6 Qxc6 28. e5 g6 29. hxg6 fxg6 30. Qh3 a3 31. Qh6 Qe8 32. Qh2 Rb2 33. Bd1 Qb5 34. Rc2 Rb7 35. Kg1 Rb1 36. Rxb1 Qxb1 37. Qd2 Rb2 38. Kf2 Qxa2 39. Qc1 Qb3 40. Ke1 Rxc2 41. Bxc2 Qxc3+ 42. Ke2 a2 0-1

[Event "Wch U08"]
[Site "Santiago de Compostela"]
[Date "2018.11.12"]
[Round "8"]
[White "Golovchenko, Bogdan"]
[Black "Lu, Miaoyi"]
[Result "0-1"]
[WhiteElo "1556"]
[BlackElo "1717"]
[PlyCount "96"]
[EventDate "2018.11.04"]
[EventType "swiss"]
[EventRounds "11"]
[EventCountry "ESP"]
[SourceTitle "EXT 2022"]
[Source "ChessBase"]
[SourceDate "2021.10.06"]
[SourceVersion "1"]
[SourceVersionDate "2021.10.06"]
[SourceQuality "1"]

1. Nf3 d5 2. g3 c5 3. Bg2 g6 4. 0-0 Bg7 5. d3 Nc6 6. Nbd2 Nf6 7. Nb3 b6 8. c4 0-0 9. cxd5 Nxd5 10. a3 h6 11. Qc2 e5 12. Rd1 Be6 13. Bd2 Rc8 14. Re1 Qd7 15. Bc3 Nd4 16. Bxd4 cxd4 17. Qd1 Qb5 18. Nfd2 Ne7 19. a4 Qb4 20. a5 b5 21. a6 Rc7 22. Na5 Qxb2 23. Rb1 Qa2 24. Rxb5 Bd7 25. Rb7 Qxa5 26. Nb3 Qc3 27. Qb1 Rfc8 28. h4 Ba4 29. Kh2 Bxb3 30. Rxb3 Qc2 31. Rb7 Qc3 32. Rb3 Qa5 33. Bb7 Rb8 34. Rd1 Rc3 35. Rxc3 dxc3 36. e4 Qc5 37. Qc2 Qd4 38. Rb1 Rd8 39. Rd1 Kh7 40. Kg2 f5 41. f3 Qe3 42. exf5 Nxf5 43. Kh3 Qd4 44. Qc1 Qf2 45. Rg1 Rxd3 46. Be4 Rd2 47. Bxf5 gxf5 48. Rh1 Qg2# 0-1

[Event "Wch U08"]
[Site "Santiago de Compostela"]
[Date "2018.11.08"]
[Round "4"]
[White "Golovchenko, Bogdan"]
[Black "Nurgaliyev, Sauat"]
[Result "1-0"]
[WhiteElo "1556"]
[BlackElo "1764"]
[PlyCount "141"]
[EventDate "2018.11.04"]
[EventType "swiss"]
[EventRounds "11"]
[EventCountry "ESP"]
[SourceTitle "EXT 2022"]
[Source "ChessBase"]
[SourceDate "2021.10.06"]
[SourceVersion "1"]
[SourceVersionDate "2021.10.06"]
[SourceQuality "1"]

1. d4 Nf6 2. Nf3 e6 3. c4 d5 4. Nc3 Be7 5. Bg5 0-0 6. e3 h6 7. Bh4 b6 8. Qc2 Bb7 9. cxd5 exd5 10. Bd3 c5 11. 0-0 Nc6 12. a3 c4 13. Bf5 Re8 14. Rad1 a6 15. Ne5 Na5 16. f4 Qc7 17. Qe2 Nh7 18. Bxe7 Qxe7 19. Rf3 Qf6 20. Bb1 Rad8 21. Rg3 Bc8 22. Qh5 Rf8 23. f5 Kh8 24. Rf1 Nc6 25. Ng4 Qg5 26. Qh3 Ne7 27. Ne5 Qf6 28. Qh5 Nc6 29. Nxc6 Qxc6 30. Qe2 Nf6 31. Rf4 Qd6 32. Rf1 Rde8 33. Rh3 b5 34. g4 Nh7 35. f6 Nxf6 36. Qc2 Ne4 37. Rf4 Bb7 38. Nxe4 dxe4 39. g5 Qg6 40. Kh1 Qxg5 41. Rg3 Qh5 42. Rfg4 Rg8 43. Qg2 Bc8 44. Rf4 Bb7 45. Bc2 Bc6 46. Rh3 Qd5 47. Rfh4 Re6 48. Rh5 Qd6 49. Qg5 Rg6 50. Qf5 Bd7 51. Qxe4 Bxh3 52. Rxh3 Qc6 53. d5 Qf6 54. Rf3 Qxb2 55. Rf1 Qxa3 56. Qd4 Qe7 57. Bxg6 fxg6 58. d6 Qd7 59. e4 Qh3 60. Rf2 a5 61. d7 Qd3 62. Qxd3 cxd3 63. e5 a4 64. e6 a3 65. e7 a2 66. Rxa2 b4 67. d8Q Rxd8 68. exd8Q+ Kh7 69. Ra8 g5 70. Qxd3+ g6 71. Qd7# 1-0

[Event "EU-ch U08 28th"]
[Site "Riga"]
[Date "2018.08.27"]
[Round "7"]
[White "Golovchenko, Bogdan"]
[Black "Averin, Nikolay"]
[Result "1-0"]
[WhiteElo "1560"]
[BlackElo "1438"]
[PlyCount "161"]
[EventDate "2018.08.20"]
[EventType "swiss"]
[EventRounds "9"]
[EventCountry "LAT"]
[SourceTitle "CBM 186 Extra"]
[Source "ChessBase"]
[SourceDate "2018.08.24"]
[SourceVersion "1"]
[SourceVersionDate "2018.08.24"]
[SourceQuality "1"]

1. e4 Nf6 2. Nc3 d5 3. e5 Nfd7 4. e6 fxe6 5. d4 g6 6. h4 Nf6 7. h5 Rg8 8. hxg6 hxg6 9. Nf3 Nc6 10. Bb5 Qd6 11. Ne5 g5 12. Qd3 Bd7 13. Bxc6 Bxc6 14. Be3 Bd7 15. Rh8 Rxh8 16. Qg6+ Kd8 17. Nf7+ Kc8 18. Nxd6+ cxd6 19. 0-0-0 Rg8 20. Qd3 a6 21. f3 Kb8 22. g4 Ka7 23. Qd2 Bh6 24. Ne2 Raf8 25. Rh1 Rh8 26. Ng3 Be8 27. Bxg5 Bxg5 28. Qxg5 Rxh1+ 29. Nxh1 Rh8 30. Nf2 Rh2 31. Qe3 Bf7 32. Nd3 Rh1+ 33. Kd2 Rh2+ 34. Kc3 Rh8 35. Nf4 Rc8+ 36. Kd2 Rg8 37. c4 dxc4 38. d5+ Kb8 39. dxe6 Be8 40. Ne2 Bc6 41. Nd4 Bd5 42. Nf5 Re8 43. g5 Ng8 44. f4 Rf8 45. Ng7 Bc6 46. Qd4 Kc7 47. f5 Kd8 48. f6 Nxf6 49. gxf6 Rxf6 50. Qxc4 Rf2+ 51. Kc1 Bb5 52. Qd4 Rf1+ 53. Kc2 Rh1 54. Nf5 Rh2+ 55. Kb3 Rh3+ 56. Kb4 Rh7 57. Nxd6 exd6 58. Qxd6+ Bd7 59. exd7 Rxd7 60. Qf6+ Kc7 61. Kc5 Kb8 62. Kb6 Kc8 63. Qf8+ Rd8 64. Qc5+ Kd7 65. Kxb7 a5 66. Qxa5 Ke8 67. Qxd8+ Kxd8 68. a4 Kd7 69. a5 Kd6 70. a6 Kc5 71. a7 Kb4 72. a8Q Kb3 73. Qa3+ Kc2 74. Qc3+ Kb1 75. b4 Ka2 76. Kc6 Kb1 77. Qd2 Ka1 78. Kc5 Kb1 79. Kc4 Ka1 80. Kb3 Kb1 81. Qb2# 1-0

[Event "EU-ch U08 28th"]
[Site "Riga"]
[Date "2018.08.26"]
[Round "6"]
[White "Lebedev, Artem S"]
[Black "Golovchenko, Bogdan"]
[Result "0-1"]
[WhiteElo "1334"]
[BlackElo "1560"]
[PlyCount "104"]
[EventDate "2018.08.20"]
[EventType "swiss"]
[EventRounds "9"]
[EventCountry "LAT"]
[SourceTitle "CBM 186 Extra"]
[Source "ChessBase"]
[SourceDate "2018.08.24"]
[SourceVersion "1"]
[SourceVersionDate "2018.08.24"]
[SourceQuality "1"]

1. e4 c5 2. b4 d6 3. bxc5 dxc5 4. Nc3 Nc6 5. Nf3 g6 6. Bc4 Bg7 7. Bb2 Nf6 8. Rb1 0-0 9. 0-0 a6 10. a4 Bg4 11. Be2 Bxf3 12. Bxf3 Nd4 13. d3 Nd7 14. Re1 Nxf3+ 15. Qxf3 Qa5 16. d4 Bxd4 17. Red1 Ne5 18. Qg3 Nc4 19. Rxd4 cxd4 20. Nd5 Nxb2 21. Qe5 Qxd5 22. Qxd5 Nxa4 23. Qxd4 b5 24. h3 Rac8 25. Qd3 Rfd8 26. Qa3 Rd7 27. Qg3 Nc3 28. Re1 Rd1 29. Qe3 Rxe1+ 30. Qxe1 a5 31. f4 a4 32. f5 a3 33. fxg6 hxg6 34. e5 a2 35. e6 f6 36. Kh2 b4 37. Qg3 Kg7 38. h4 a1Q 39. h5 g5 40. Qd3 Ne4 41. Qxe4 Qe5+ 42. Qxe5 fxe5 43. Kg3 Rxc2 44. Kg4 Rxg2+ 45. Kf5 b3 46. h6+ Kxh6 47. Kxe5 b2 48. Kd5 b1Q 49. Kc6 Rc2+ 50. Kd7 Qb7+ 51. Ke8 Kg7 52. Kd8 Rc8# 0-1

[Event "EU-ch U08 28th"]
[Site "Riga"]
[Date "2018.08.21"]
[Round "2"]
[White "La Barbera, Manfredi"]
[Black "Golovchenko, Bogdan"]
[Result "0-1"]
[WhiteElo "1212"]
[BlackElo "1560"]
[PlyCount "80"]
[EventDate "2018.08.20"]
[EventType "swiss"]
[EventRounds "9"]
[EventCountry "LAT"]
[SourceTitle "CBM 186 Extra"]
[Source "ChessBase"]
[SourceDate "2018.08.24"]
[SourceVersion "1"]
[SourceVersionDate "2018.08.24"]
[SourceQuality "1"]

1. e4 c5 2. Nf3 Nc6 3. Bb5 g6 4. c3 Bg7 5. 0-0 d6 6. d4 cxd4 7. cxd4 Bd7 8. Nc3 Nf6 9. h3 a6 10. Bc4 b5 11. Bb3 b4 12. e5 dxe5 13. dxe5 bxc3 14. exf6 Bxf6 15. bxc3 Bg7 16. Bd2 0-0 17. Rb1 Rc8 18. Rc1 Na7 19. Nd4 e5 20. Ne2 a5 21. a4 Qc7 22. Re1 Rfd8 23. Qc2 Bf5 24. Qa2 Rd7 25. Ng3 Bd3 26. Rcd1 Rcd8 27. f3 Rb8 28. Re3 Qb6 29. Bc4 Bxc4 30. Qxc4 Bh6 31. Nf1 Rxd2 32. Rxd2 Bxe3+ 33. Nxe3 Qxe3+ 34. Rf2 Rb1+ 35. Kh2 Qxf2 36. Qc7 Rb2 37. Qd8+ Kg7 38. Qg5 f6 39. Qg4 Rd2 40. h4 h5 0-1

[Event "Wch U08 rapid"]
[Site "Minsk"]
[Date "2018.06.22"]
[Round "4"]
[White "Jalalvand, Amir Hesam"]
[Black "Golovchenko, Bogdan"]
[Result "1-0"]
[WhiteElo "1297"]
[BlackElo "1514"]
[PlyCount "117"]
[EventDate "2018.06.22"]
[EventType "swiss (rapid)"]
[EventRounds "9"]
[EventCountry "BLR"]
[SourceTitle "EXT 2019"]
[Source "ChessBase"]
[SourceDate "2018.10.10"]
[SourceVersion "1"]
[SourceVersionDate "2018.10.10"]
[SourceQuality "1"]

1. d4 d5 2. c4 dxc4 3. e3 Nf6 4. Nc3 e6 5. Bxc4 c5 6. Nf3 cxd4 7. exd4 Nc6 8. 0-0 Be7 9. d5 exd5 10. Nxd5 Nxd5 11. Bxd5 0-0 12. Bxc6 bxc6 13. Qc2 Qc7 14. Be3 Bg4 15. Nd4 c5 16. Rac1 Bd6 17. Nb5 Bxh2+ 18. Kh1 Qe5 19. Qxc5 a6 20. f4 Qxc5 21. Bxc5 Rfd8 22. Bb6 Rd2 23. Nc7 Rb8 24. Ba5 Bg3 25. Bxd2 Rxb2 26. Be1 Bxe1 27. Rcxe1 h6 28. a4 Rb4 29. a5 Ra4 30. Re5 f6 31. Rc5 Bc8 32. Rd1 Kh7 33. Rd8 Bb7 34. Rb8 Be4 35. Rb2 Bd3 36. Rd2 Bf1 37. Rf2 Bd3 38. Rd5 Bc4 39. Rc5 Bd3 40. Rd2 Bf1 41. Kg1 Ra1 42. Kf2 Kg6 43. Rd6 h5 44. Nxa6 Bxa6 45. Rxa6 h4 46. Rac6 h3 47. gxh3 Kh7 48. a6 Kg6 49. Rb5 Kh7 50. Rb7 Kg6 51. a7 Kf5 52. Rc8 Kg6 53. a8Q Rxa8 54. Rxa8 f5 55. Ra6+ Kh7 56. Raa7 Kh6 57. Rxg7 Kh5 58. Ra6 Kh4 59. Rh6# 1-0